000 00816cam a2200301 i 4500
001 0000546
003 DO-SdBNP
005 20180119132542.0
007 0000546
008 100514s 1990 mx a | |||| 000 f spa
015 _a
017 _a
_b
020 _a9688471992
035 _a
040 _aBPMSU
_bspa
_cBPMSU
_e
080 _a
100 1 _aAndersen, Juan Cristian
245 1 0 _aCuentos de Andersen /
_h
_cJuan Cristian Andersen
260 _aMéxico:
_bOrigen,
_bGrupo editorial Diana,
_c1990.
300 _a122 p.:
_bil.
_c23 m
490 1 _aCuentos y fábulas
500 _aIncluye datos biográficos del autor.
586 _aPremio Doncel de biografía 1962
830 0 _aCuentos y fábulas
942 _2ddc
_cBK
945 _aInventariado, 2018/MFF
956 _aYLOCKWARD
_810
_cBPMSU
999 _c10942
_d10942